| 000 | 01028nam a2200229Ia 4500 | ||
|---|---|---|---|
| 001 | 15414 | ||
| 003 | GE_BSU | ||
| 008 | 181216s||||||||xx |||||||||||||| ||und|| | ||
| 040 | _cGE_BSU | ||
| 080 | _a821.353.1-32 | ||
| 100 | _aჩიქოვანი,გრიგოლ | ||
| 245 | _aკაცი გამოქვაბულში, დაჩუტული ბურთი | ||
| 245 | _bმოთხრობები | ||
| 245 | _cსარედ.კოლ.ემენ დავითაძე. ზურაბ ფირცხალაიშვილი. ჯემალ ხოფერია და სხვ. რედ.ზ. ფირცხალაიშვილი. მხატვ.რ. ლომაძე | ||
| 260 | _aბათუმი | ||
| 260 | _bჭოროხის გამ-ბა | ||
| 260 | _c1991 | ||
| 300 | _a24გვ.20სმ. | ||
| 653 | _aკაცი გამოქვაბულში, დაჩუტული ბურთი | ||
| 653 | _aმოთხრობები | ||
| 942 | _cBK | ||
| 999 |
_c48517 _d48517 |
||